Economics and Contemporary Issues / (Record no. 16788)
[ view plain ]
| 000 -LEADER | |
|---|---|
| fixed length control field | 01174cam a22003254a 4500 |
| 001 - CONTROL NUMBER | |
| control field | 16272511 |
| 005 - DATE AND TIME OF LATEST TRANSACTION | |
| control field | 20100726090601.0 |
| 008 - FIXED-LENGTH DATA ELEMENTS--GENERAL INFORMATION | |
| fixed length control field | 100608s2010 ohua b 001 0 eng c |
| 020 ## - INTERNATIONAL STANDARD BOOK NUMBER | |
| International Standard Book Number | 1439041229 |
| 020 ## - INTERNATIONAL STANDARD BOOK NUMBER | |
| International Standard Book Number | 9781439041222 |
| 020 ## - INTERNATIONAL STANDARD BOOK NUMBER | |
| International Standard Book Number | 032482789X |
| 020 ## - INTERNATIONAL STANDARD BOOK NUMBER | |
| International Standard Book Number | 9780324827897 |
| 035 ## - SYSTEM CONTROL NUMBER | |
| System control number | (OCoLC)ocn434456659 |
| 040 ## - CATALOGING SOURCE | |
| Original cataloging agency | OKS |
| Transcribing agency | OKS |
| Modifying agency | TEF |
| -- | BTCTA |
| -- | YDXCP |
| -- | DLC |
| 050 00 - LIBRARY OF CONGRESS CALL NUMBER | |
| Classification number | HB171.5 |
| Item number | .E358 2010 |
| 082 ## - DEWEY DECIMAL CLASSIFICATION NUMBER | |
| Edition number | 22 |
| Classification number | 330 |
| Item number | ECO |
| 245 00 - TITLE STATEMENT | |
| Title | Economics and Contemporary Issues / |
| Statement of responsibility, etc | Ronald L. Moomaw ... [et al.]. |
| 246 14 - VARYING FORM OF TITLE | |
| Title proper/short title | Economics & contemporary issues |
| 250 ## - EDITION STATEMENT | |
| Edition statement | 8th ed. |
| 260 ## - PUBLICATION, DISTRIBUTION, ETC. (IMPRINT) | |
| Place of publication, distribution, etc | Mason, OH : |
| Name of publisher, distributor, etc | South-Western Cengage Learning, |
| Date of publication, distribution, etc | c2010. |
| 300 ## - PHYSICAL DESCRIPTION | |
| Extent | xxii, 458 p. : |
| Other physical details | col. ill. ; |
| Dimensions | 26 cm. |
| 500 ## - GENERAL NOTE | |
| General note | Previous ed.: 2007. |
| 504 ## - BIBLIOGRAPHY, ETC. NOTE | |
| Bibliography, etc | Includes bibliographical references and index. |
| 650 #0 - SUBJECT ADDED ENTRY--TOPICAL TERM | |
| Topical term or geographic name as entry element | Economics. |
| 9 (RLIN) | 30202 |
| 653 ## - INDEX TERM--UNCONTROLLED | |
| Resource For college | |
| Arrived date list | June2012 |
| 700 1# - ADDED ENTRY--PERSONAL NAME | |
| Personal name | Moomaw, Ronald L. |
| 9 (RLIN) | 30203 |
| 942 ## - ADDED ENTRY ELEMENTS (KOHA) | |
| Source of classification or shelving scheme | Dewey Decimal Classification |
| Item type | Book - Borrowing |
| Withdrawn status | Item status | Source of classification or shelving scheme | Damaged status | Not for loan | Vendor | Home library | Current library | Shelving location | Date acquired | Source of acquisition | Cost, normal purchase price | Serial Enumeration / chronology | Total Checkouts | Total Renewals | Full call number | Barcode | Date last seen | Date last borrowed | Koha item type |
|---|---|---|---|---|---|---|---|---|---|---|---|---|---|---|---|---|---|---|---|
| Dewey Decimal Classification | Baccah | Central Library | Central Library | First floor | 26/06/2012 | 240.00 | 15316 | 3 | 10 | 330 ECO | 000026872 | 15/07/2025 | 04/03/2019 | Book - Borrowing |